PSG 0 - 1 Bayern Munich (UCL 2020) - Statistiques

Statistiques générales
  • Ce quiz a été pris 159 fois
    66 depuis la dernière actualisation
  • Le résultat moyen est 26 sur 32
Statistiques - réponses
Poste Pays Joueur % Correct
Gardien de but Keylor Navas
100%
Ailier gauche Kingsley Coman
97%
Gardien de but Manuel Neuer
97%
Latéral gauche Alphonso Davies
95%
Ailier droit Ángel Di María
95%
Défenseur central David Alaba
95%
Avant-centre Kylian Mbappé
95%
Milieu défensif Marquinhos
95%
Ailier gauche Neymar
95%
Défenseur central Thiago Silva
95%
Avant-centre Robert Lewandowski
93%
Latéral droit Joshua Kimmich
92%
Défenseur central Presnel Kimpembé
92%
Coach Thomas Tuchel
90%
Ailier droit remplaçant (80') Eric Maxim Choupo-Moting
88%
Milieu gauche remplaçant (65') Marco Verratti
88%
Milieu offensif Thomas Müller
88%
Ailier droit Serge Gnabry
85%
Latéral gauche Juan Bernat
83%
Milieu droit remplaçant (72') Julian Draxler
83%
Milieu gauche Leandro Paredes
78%
Milieu central Thiago Alcántara
77%
Défenseur central Jérôme Boateng
75%
Ailier gauche remplaçant (68') Ivan Perišić
73%
Milieu central Leon Goretzka
72%
Latéral droit Thilo Kehrer
72%
Milieu central remplaçant (86') Corentin Tolisso
70%
Coach Hansi Flick
65%
Latéral gauche remplaçant (80') Layvin Kurzawa
65%
Défenseur central remplaçant (25') Niklas Süle
52%
Milieu droit Ander Herrera
47%
Ailier droit remplaçant (68') Philippe Coutinho
45%
Aucun quiz correspondant
Distribution des résultats
% des personnes avec chaque résultat
Percentile par nombre de réponses
Votre historique - résultats
Vous n’avez pas pris ce quiz depuis la dernière actualisation